000
00255nam a2200109Ia 4500
005
20251222154309.0
008
251222s9999||||xx |||||||||||||| ||spa||
082
_a
868.52/B34A
100
_a
"Bécquer, Gustavo Adolfo"
245
0
_a
Antología
942
_c
LIB
999
_c
33322
_d
33322